I am not a crook / (Record no. 5635)

MARC details
000 -LEADER
fixed length control field 00606nam a2200169 a 4500
020 ## - INTERNATIONAL STANDARD BOOK NUMBER
ISBN 0399114130 (hardcover)
020 ## - INTERNATIONAL STANDARD BOOK NUMBER
ISBN 9780399114137 (hardcover)
100 1# - MAIN ENTRY--AUTHOR NAME
Personal name Buchwald, Art.
245 10 - TITLE STATEMENT
Title I am not a crook /
260 ## - PUBLICATION, DISTRIBUTION, ETC. (IMPRINT)
Place of publication [S.l.] :
Name of publisher Putnam Adult,
Year of publication 1974.
300 ## - PHYSICAL DESCRIPTION
Number of Pages 250 p. ;
520 ## - SUMMARY, ETC.
Summary, etc Collected articles provide a witty and perceptive analysis of the Watergate scandal.
856 40 - ELECTRONIC LOCATION AND ACCESS
Uniform Resource Identifier http://www.amazon.com/exec/obidos/ASIN/0399114130/chopaconline-20
Holdings
Withdrawn status Lost status Home library Current library Date acquired Full call number Accession Number Koha item type
    Central Library, QUEST, Nawabshah Central Library, QUEST, Nawabshah 09/06/2014 811.8BUC 26910 Books